Land documentation Litigation in nigeria. (Record no. 31813)

MARC details
000 -LEADER
fixed length control field 00392nam a2200169Ia 4500
020 ## - INTERNATIONAL STANDARD BOOK NUMBER
ISBN 9783614215
050 ## - CALL MARK
Classification number KP 105 .B3/
100 ## - STATEMENT OF RESPONSIBILITY--MAIN AUTHOR NAME
Personal name Babatunde,Layi.
245 #0 - TITLE STATEMENT
Title Land documentation Litigation in nigeria.
260 ## - PUBLICATION, DISTRIBUTION, ETC. (IMPRINT)
Place of publication Lagos
260 ## - PUBLICATION, DISTRIBUTION, ETC. (IMPRINT)
Name of publisher Lawbreed
260 ## - PUBLICATION, DISTRIBUTION, ETC. (IMPRINT)
Year of publication 2002
300 ## - PHYSICAL DESCRIPTION
Number of Pages 1037 p
942 ## - ADDED ENTRY ELEMENTS (KOHA)
Koha item type Books
Holdings
Withdrawn status Lost status Source of classification or shelving scheme Damaged status Not for loan Permanent Location Current Location Shelving location Date acquired Accession Number Price effective from Koha item type
    Library of Congress Classification     Law Library Law Library Items on shelf 04/23/2025 0191516 04/23/2025 Books